00646nam a2200205 a 450000100060000000300090000600800410001501500210005602000180007704000280009508200160012310000340013924501120017325000120028526000530029750000330035050400270038365000130041065000170042323374CO-ViMGA141112s2004 ck r 000 u spa d ack - 2010 - xxxx a9789589931202 aCO-ViMGAbspacCO-ViMGA04a618.2 O783c1 aOrtega Barreto, Marco Antonio10aCrianza feliz desde el embarazo a los 6 años : bmanual de instrucciones / cMarco Antonio Ortega Barreto a1a. ed. aVillavicencio : bEditorial UPA Colombia, c2010 aIncluye índice analítico aBibliografía : p. 9514aEmbarazo14aPuericultura